| 000 | 00386 a2200109 4500 | ||
|---|---|---|---|
| 001 | ART_51100 | ||
| 005 | 20260410161810.0 | ||
| 008 | 260409a | ||
| 245 | 1 | 0 | _aEl concurso preventivo del fideicomiso insolvente, el Golem y la sabiduría del Rey Canuto |
| 100 | 1 | _aTruffat, Edgardo Daniel | |
| 773 | 0 |
_tDoctrina Societaria y Concursal _g- N° 390 (mayo 2020) _wREV4298 |
|
| 999 |
_c21345 _d21345 |
||